(35) - 50 villes les plus peuplées d'Ille-et-Vilaine (35) - Statistiques

Statistiques générales
  • Ce quiz a été pris 27 fois
  • Le résultat moyen est 22 sur 50
Statistiques - réponses
nombre d'habitant ville % Correct
230 890 Rennes
100%
47 439 Saint-Malo
100%
19 365 Vitré
100%
18 761 Cesson-Sévigné
91%
9 542 Redon
91%
20 307 Fougères
86%
10 772 Dinard
82%
19 683 Bruz
77%
13 800 Saint-Jacques-de-la-Lande
64%
9 957 Saint-Grégoire
59%
12 964 Betton
55%
10 670 Chantepie
55%
10 845 Châteaugiron
55%
9 339 Liffré
55%
7 674 Bain-de-Bretagne
50%
5 672 Cancale
50%
8 649 Janzé
50%
8 667 Thorigné-Fouillard
50%
6 810 Montfort-sur-Meu
45%
8 359 Noyal-Châtillon-sur-Seiche
45%
6 269 Noyal-sur-Vilaine
45%
11 703 Pacé
45%
8 207 Vern-sur-Seiche
45%
6 874 Acigné
41%
8 880 Chartres-de-Bretagne
36%
7 533 Châteaubourg
36%
9 839 Le Rheu
36%
6 391 Bréal-sous-Montfort
32%
5 829 Dol-de-Bretagne
32%
9 412 Guichen
32%
7 911 Mordelles
32%
6 411 Combourg
27%
4 738 La Chapelle-des-Fougeretz
27%
5 033 La Mézière
27%
7 541 Melesse
27%
6 597 Montauban-de-Bretagne
27%
5 732 Orgères
27%
4 709 Chavagne
23%
6 061 Gévezé
23%
5 088 Maen Roch
23%
6 471 Vezin-le-Coquet
23%
4 662 Bédée
18%
7 354 Guipry-Messac
18%
4 730 L'Hermitage
18%
4 720 Saint-Méloir-des-Ondes
18%
4 667 La Bouëxière
14%
5 225 Laillé
14%
7 167 Pleurtuit
14%
5 576 Saint-Gilles
14%
4 804 Bourgbarré
0%
Aucun quiz correspondant
Distribution des résultats
% des personnes avec chaque résultat
Percentile par nombre de réponses
Votre historique - résultats
Vous n’avez pas pris ce quiz